Cities in Mississippi Sudden Death - Statistics

General Stats
  • This quiz has been taken 45 times
  • The average score is 19 of 24
Answers on the Grid
Answers color-coded by a green-red scale on the quiz's grid according to % correct below.
Jackson
Tallulah
Houston
Corinth
Tupelo
Cape Girardeau
Brookhaven
Seattle
Lawrenceburg
Indianola
Waynesboro
Natchez
Berea
Batesville
Courtney
Hattiesburg
Gulfport
Bristol
Biloxi
Purvis
Taylorsville
Kyle
Coke
Maxwell
Okolona
Yazoo Valley
Port Gibson
Iuka
McComb
Louisville
Rosedale
Reeves
Greenville
Horn Lake
Vicksburg
Belzoni
 
Answer Stats
Answer % Correct
Biloxi
100%
McComb
100%
Natchez
100%
Brookhaven
92%
Gulfport
92%
Hattiesburg
92%
Jackson
92%
Tupelo
92%
Vicksburg
92%
Corinth
83%
Greenville
83%
Louisville
83%
Waynesboro
83%
Batesville
75%
Belzoni
75%
Horn Lake
75%
Okolona
75%
Indianola
67%
Port Gibson
67%
Purvis
67%
Houston
58%
Iuka
58%
Rosedale
58%
Taylorsville
50%
No matching quizzes found
Score Distribution
Percent of People with Each Score
Percentile by Number Answered
Your Score History
You have not taken this quiz